PREPARATION AND PROPERTIES OF CHLORINATED POLYISOBUTYLENE ELASTOMER BY ONE-STEP POLYMERIZATION (Record no. 75314)

MARC details
000 -LEADER
fixed length control field 01609nam a22002177a 4500
100 ## - MAIN ENTRY--AUTHOR NAME
Personal name Yu, Z.
245 ## - TITLE STATEMENT
Title PREPARATION AND PROPERTIES OF CHLORINATED POLYISOBUTYLENE ELASTOMER BY ONE-STEP POLYMERIZATION
260 ## - PUBLICATION, DISTRIBUTION, ETC. (IMPRINT)
Name of publisher Rubber Chemistry and Technology, 96(1): 2023. 130-148.
Year of publication 2023
520 ## - SUMMARY, ETC.
Summary, etc Cationic copolymerization of isobutylene and chlorostyrene was investigated using the Lewis acid initiator system. Titanium (IV) chloride (TiCl4) and ethylaluminum sesquichloride (AlEt1.5Cl1.5) were used as the co-initiators, and 2-chloro-2,4,4-trimethylpentane (TMPCl) and H2O were used as the main initiators. The influences of monomer feeding ratio and reaction time were studied. The reaction mechanism was proposed by studying the reaction kinetics. It was found that when p-chloromethylstyrene (p-ClMSt) was used, benzyl chloride was easily involved in the initiation reaction stage, leading to the formation of branched polymer. When p-chlorostyrene (p-ClSt) was used as a co-monomer, living copolymerization was achieved and no branching structure formed. Isobutylene, isoprene, and p-ClSt were synthesized with the AlEt1.5Cl1.5 initiator system. The high-molecular-weight halogenated ternary copolymer was successfully prepared by one-step polymerization. Vulcanization and mechanical property studies were also performed.
650 ## - SUBJECT ADDED ENTRY--TOPICAL TERM
Topical Term Polymerization
700 ## - ADDED ENTRY--PERSONAL NAME
Personal name Zhao, Z.
700 ## - ADDED ENTRY--PERSONAL NAME
Personal name Wei, X.
700 ## - ADDED ENTRY--PERSONAL NAME
Personal name Yan, P.
700 ## - ADDED ENTRY--PERSONAL NAME
Personal name Liu, R.
700 ## - ADDED ENTRY--PERSONAL NAME
Personal name Jin, Y.
700 ## - ADDED ENTRY--PERSONAL NAME
Personal name Gong, G.
700 ## - ADDED ENTRY--PERSONAL NAME
Personal name Xu, X.
700 ## - ADDED ENTRY--PERSONAL NAME
Personal name Wu, Y.
856 ## - ELECTRONIC LOCATION AND ACCESS
Uniform Resource Identifier https://doi.org/10.5254/rct.23.77969
942 ## - ADDED ENTRY ELEMENTS (KOHA)
Koha item type Journals
Holdings
Withdrawn status Lost status Damaged status Not for loan Home library Current library Date acquired Koha item type
        RRII Library RRII Library 04/07/2024 Journals